000 00634nam a2200265Ia 4500
005 20260121170449.0
008 008 260114s9999 xx 000 0 eng d
020 _a9789811085666
037 _aEBOOK
040 _aCRL
040 _beng
040 _cCRL
041 _2eng
041 _aeng
084 _qCRL
100 _aYung-ch’un Ts’ai
_91064196
245 4 _aThe Philosophy of Ch’eng I
260 _bSpringer
260 _bSpringer
260 _c2018
856 _uhttps://link.springer.com/openurl?genre=book&isbn=978-981-10-8566-6
942 _cEBOOK
999 _c1629925
_d1629925